[Event "2. Bundesliga Ost 2013/2014"]
[Site "Wien"]
[Date "2013.12.07"]
[Round "5"]
[Board "4"]
[White "Strodl, Joachim"]
[Black "Mesaros, Florian"]
[Result "1-0"]
[WhiteElo "2074"]
[BlackElo "2180"]
[PlyCount "145"]
[EventDate "2013.10.05"]
[EventType "team"]
[EventRounds "11"]
[EventCountry "AUT"]
[WhiteTeam "ASVOE Mattersburg"]
[BlackTeam "ASVOE Wulkaprodersdorf"]

1. Nf3 Nf6 2. g3 g6 3. Bg2 Bg7 4. O-O d5 5. c4 c5 6. Qa4+ Qd7 7. Qc2 d4 8. d3
Nc6 9. Nbd2 O-O 10. Nb3 Qd6 11. a3 a5 12. Rb1 e5 13. Nbd2 Qe7 14. b3 Ne8 15.
Ne4 h6 16. e3 f5 17. Ned2 dxe3 18. fxe3 Nd6 19. Bb2 Bd7 20. Bc3 Rfe8 21. Nh4
Qg5 22. Rbe1 f4 23. exf4 exf4 24. Rxe8+ Bxe8 25. Bxg7 Kxg7 26. Qc3+ Kg8 27.
Bd5+ Bf7 28. Ndf3 Qh5 29. Bxc6 bxc6 30. Qf6 Nf5 31. Nxf5 gxf5 32. Qe5 fxg3 33.
hxg3 Re8 34. Qf4 Kh7 35. Nh4 Bg6 36. Qc7+ Kg8 37. Qxc6 Re3 38. Rf3 Rxf3 39.
Qxf3 Qg5 40. Kf2 Kg7 41. Qe3 Qf6 42. Qxc5 Qb2+ 43. Kf3 Qxb3 44. Qe7+ Bf7 45.
Nxf5+ Kg6 46. Nh4+ Kg7 47. Qe5+ Kg8 48. Ke4 Qd1 49. Qb8+ Kh7 50. Qf4 Qe1+ 51.
Qe3 Qh1+ 52. Kf4 Qf1+ 53. Nf3 Qa1 54. Qe4+ Bg6 55. Qe7+ Kg8 56. Qd8+ Kh7 57.
Qe7+ Kg8 58. Qd6 Qc1+ 59. Kg4 Kh7 60. Qe7+ Kg8 61. Qe1 Qc2 62. Qxa5 Bxd3 63.
Qd5+ Kg7 64. Qd7+ Kg8 65. Qe8+ Kg7 66. Qe5+ Kg8 67. c5 Be2 68. Kf4 Bd3 69. Qd5+
Kg7 70. c6 Qc1+ 71. Ke5 Qe3+ 72. Kd6 Be4 73. Qd4+ 1-0

[Event "2. Bundesliga Ost 2013/2014"]
[Site "Wien"]
[Date "2013.12.07"]
[Round "5"]
[Board "5"]
[White "Sekyra, Michael"]
[Black "Savio, Alfred Jun."]
[Result "0-1"]
[WhiteElo "2065"]
[BlackElo "2018"]
[PlyCount "112"]
[EventDate "2013.10.05"]
[EventType "team"]
[EventRounds "11"]
[EventCountry "AUT"]
[WhiteTeam "ASVOE Wulkaprodersdorf"]
[BlackTeam "ASVOE Mattersburg"]

1. e4 e5 2. Nf3 Nc6 3. Bb5 Nf6 4. O-O d6 5. Nc3 Bd7 6. d4 exd4 7. Nxd4 Be7 8.
h3 O-O 9. Bxc6 bxc6 10. Be3 c5 11. Nde2 Rb8 12. Rb1 Bc6 13. Qd3 Rb4 14. f3 Re8
15. a3 Rb8 16. Rfd1 Nd7 17. b4 Ne5 18. Qa6 Rb6 19. Qxa7 Qc8 20. b5 Bd7 21. Nd5
Rb7 22. Qa6 Bxh3 23. b6 cxb6 24. Nxb6 Qc6 25. a4 Reb8 26. a5 Be6 27. Nc3 Bc4
28. Nb5 Rxb6 29. axb6 Ra8 30. Qxa8+ Qxa8 31. Nxd6 Be2 32. Nf5 Bf8 33. Rd5 Nc6
34. Bxc5 Bxc5+ 35. Rxc5 Nd8 36. b7 Nxb7 37. Rxb7 h6 38. Rcc7 Qa1+ 39. Kf2 Qf1+
40. Kg3 Bc4 41. Ne7+ Kh7 42. Nd5 Qe1+ 43. Kg4 Qd2 44. Kh3 Bf1 45. Nf4 Qxf4 46.
Rxf7 Qd2 47. Rxg7+ Kh8 48. Rbc7 h5 49. Rg6 Qf4 50. Rc5 Qxf3+ 51. Rg3 Qf7 52.
Kh4 Qe7+ 53. Rcg5 Qxe4+ 54. Kxh5 Be2+ 55. R5g4 Qf4 56. c4 Kh7 0-1

[Event "2. Bundesliga Ost 2013/2014"]
[Site "Wien"]
[Date "2013.12.07"]
[Round "5"]
[Board "6"]
[White "Plank, Reinhard"]
[Black "Steinwender, Peter"]
[Result "1/2-1/2"]
[WhiteElo "1918"]
[BlackElo "2059"]
[PlyCount "42"]
[EventDate "2013.10.05"]
[EventType "team"]
[EventRounds "11"]
[EventCountry "AUT"]
[WhiteTeam "ASVOE Mattersburg"]
[BlackTeam "ASVOE Wulkaprodersdorf"]

1. e4 c5 2. Nf3 d6 3. Bb5+ Bd7 4. Bxd7+ Qxd7 5. O-O Nc6 6. b3 Nf6 7. Re1 g6 8.
Bb2 Bg7 9. Nc3 O-O 10. Nd5 e5 11. a3 Nxd5 12. exd5 Ne7 13. c4 b5 14. Qc2 bxc4
15. bxc4 Rab8 16. Rab1 Rb7 17. Bc3 Rfb8 18. Ng5 h6 19. Ne4 f5 20. Rxb7 Rxb7 21.
Ng3 h5 1/2-1/2

[Event "2. Bundesliga Ost 2013/2014"]
[Site "Wien"]
[Date "2013.12.07"]
[Round "5"]
[Board "1"]
[White "Kostic, Vladimir"]
[Black "Kummer, Helmut"]
[Result "1-0"]
[WhiteElo "2436"]
[BlackElo "2331"]
[PlyCount "133"]
[EventDate "2013.10.05"]
[EventType "team"]
[EventRounds "11"]
[EventCountry "AUT"]
[WhiteTeam "ASVOE VHS Poechlarn"]
[BlackTeam "Purbach"]

1. e4 e5 2. Nc3 Nf6 3. g3 d5 4. exd5 Nxd5 5. Bg2 Nxc3 6. bxc3 Bd6 7. Nf3 O-O 8.
O-O Nd7 9. Re1 Re8 10. d4 exd4 11. Rxe8+ Qxe8 12. cxd4 Nf6 13. c4 Be6 14. Qc2
Qc6 15. Ne5 Qa6 16. Rb1 Rb8 17. Bf4 Nd7 18. Nxd7 Bxd7 19. Be3 g6 20. c5 Bf5 21.
Be4 Bxe4 22. Qxe4 Bf8 23. Bf4 Qxa2 24. Bxc7 f5 25. Qd3 Re8 26. Be5 Qd5 27. Qb5
Re7 28. Qa4 a6 29. Rb6 Re6 30. Qb3 Qxb3 31. Rxb3 Re7 32. f4 Rd7 33. Kf2 Kf7 34.
Rb6 Be7 35. Ke2 Bd8 36. Rb1 Ke6 37. Rc1 a5 38. Kd3 Kd5 39. c6 bxc6 40. Rc5+ Ke6
41. Rxc6+ Kf7 42. Ra6 Rb7 43. Kc4 Ke8 44. h3 Kd7 45. g4 Rb4+ 46. Kc5 Be7+ 47.
Bd6 Bxd6+ 48. Rxd6+ Kc7 49. Ra6 Rb3 50. gxf5 gxf5 51. Ra7+ Kb8 52. Rxa5 Rxh3
53. Kd6 Rd3 54. Ke5 h5 55. Kxf5 Rxd4 56. Rc5 h4 57. Kg4 h3 58. Rh5 Kc7 59. Rxh3
Kd6 60. Re3 Rd2 61. Kg5 Rg2+ 62. Kf6 Rg4 63. f5 Rh4 64. Kg6 Rh1 65. f6 Kd7 66.
Kg7 Rh2 67. Rg3 1-0

[Event "2. Bundesliga Ost 2013/2014"]
[Site "Wien"]
[Date "2013.12.07"]
[Round "5"]
[Board "2"]
[White "Heiny, Johannes"]
[Black "Weinzettl, Ernst"]
[Result "0-1"]
[WhiteElo "2297"]
[BlackElo "2312"]
[PlyCount "142"]
[EventDate "2013.10.05"]
[EventType "team"]
[EventRounds "11"]
[EventCountry "AUT"]
[WhiteTeam "Purbach"]
[BlackTeam "ASVOE VHS Poechlarn"]

1. d4 Nf6 2. c4 g6 3. Nc3 Bg7 4. e4 d6 5. Nf3 O-O 6. Be2 e5 7. O-O Nc6 8. d5
Ne7 9. Ne1 Nd7 10. Nd3 f5 11. f3 Kh8 12. b4 Ng8 13. a4 a5 14. bxa5 Rxa5 15. Bd2
Bh6 16. Nb1 Ra8 17. Bxh6 Nxh6 18. Qc1 f4 19. c5 g5 20. cxd6 cxd6 21. Nc3 Nf6
22. Nb5 Ne8 23. Nf2 Ng8 24. Qa3 h5 25. Rfc1 Ngf6 26. Rc4 Rg8 27. h3 Rg7 28.
Rac1 Kg8 29. Qc3 Bd7 30. Nc7 Nxc7 31. Rxc7 Bxa4 32. Rxg7+ Kxg7 33. Qc7+ Qxc7
34. Rxc7+ Kf8 35. Rxb7 Rc8 36. Rb1 Bd7 37. Kf1 Ke7 38. Bd1 Ra8 39. Ke1 Kd8 40.
Rb6 Kc7 41. Rb2 Ra5 42. Be2 Ra1+ 43. Nd1 g4 44. hxg4 hxg4 45. Kd2 g3 46. Rc2+
Kd8 47. Rc1 Rxc1 48. Kxc1 Kc7 49. Kd2 Kb6 50. Bf1 Kc5 51. Nb2 Kd4 52. Nd1 Ng8
53. Nc3 Ne7 54. Ne2+ Kc5 55. Nc3 Ng6 56. Bd3 Nh4 57. Bf1 Bh3 58. gxh3 Nxf3+ 59.
Ke2 Nh4 60. Nb1 f3+ 61. Ke3 g2 62. Kf2 gxf1=Q+ 63. Kxf1 Kd4 64. Kf2 Kxe4 65.
Kg3 Ke3 66. Nc3 Nf5+ 67. Kg4 Nh6+ 68. Kg5 f2 69. Nd1+ Kf3 70. Nxf2 Kxf2 71.
Kxh6 e4 0-1

[Event "2. Bundesliga Ost 2013/2014"]
[Site "Wien"]
[Date "2013.12.07"]
[Round "5"]
[Board "3"]
[White "Wilke, Werner"]
[Black "Wolfram, Bernd"]
[Result "1-0"]
[WhiteElo "2243"]
[BlackElo "2259"]
[PlyCount "53"]
[EventDate "2013.10.05"]
[EventType "team"]
[EventRounds "11"]
[EventCountry "AUT"]
[WhiteTeam "ASVOE VHS Poechlarn"]
[BlackTeam "Purbach"]

1. e4 c5 2. Nf3 Nc6 3. c3 d5 4. exd5 Qxd5 5. d4 Bg4 6. Be2 cxd4 7. cxd4 e6 8.
Nc3 Qa5 9. h3 Bh5 10. d5 exd5 11. Nd4 Bxe2 12. Qxe2+ Be7 13. Nxc6 bxc6 14. O-O
Kf8 15. Re1 Re8 16. Bd2 Nf6 17. Qd3 h5 18. a3 h4 19. b4 Qc7 20. Rac1 Rh5 21.
Nb5 Qd7 22. Nd4 Rc8 23. Qa6 c5 24. bxc5 Rxc5 25. Rb1 Rc4 26. Rb7 Rc7 27. Rxe7
 1-0

[Event "2. Bundesliga Ost 2013/2014"]
[Site "Wien"]
[Date "2013.12.07"]
[Round "5"]
[Board "4"]
[White "Heiny, Michael"]
[Black "Loidl, Florian"]
[Result "0-1"]
[WhiteElo "2084"]
[BlackElo "2192"]
[PlyCount "82"]
[EventDate "2013.10.05"]
[EventType "team"]
[EventRounds "11"]
[EventCountry "AUT"]
[WhiteTeam "Purbach"]
[BlackTeam "ASVOE VHS Poechlarn"]

1. d4 c6 2. c4 d5 3. e3 f5 4. Nf3 e6 5. Bd3 Nf6 6. O-O Bd6 7. Nc3 O-O 8. Bd2
Ne4 9. c5 Bc7 10. b4 Rf6 11. Ne5 Rh6 12. f4 Bxe5 13. fxe5 Qh4 14. h3 Qg5 15.
Bxe4 dxe4 16. Kh2 Na6 17. Rb1 Nc7 18. Qe1 Nd5 19. Qf2 Nxc3 20. Bxc3 Bd7 21. a4
Qh5 22. Be1 Rf8 23. Qd2 g5 24. Rb2 Qf7 25. g3 Qh5 26. Qg2 Rg6 27. Qe2 Qh6 28.
Bd2 Rg7 29. Rbb1 Be8 30. b5 Bh5 31. Qf2 Bf3 32. bxc6 bxc6 33. Rg1 Rg6 34. h4
Qg7 35. Qf1 Qe7 36. Be1 Kh8 37. Bf2 Rfg8 38. Qh3 Qg7 39. h5 Rh6 40. g4 fxg4 41.
Rxg4 Qf7 0-1

[Event "2. Bundesliga Ost 2013/2014"]
[Site "Wien"]
[Date "2013.12.07"]
[Round "5"]
[Board "5"]
[White "Gratze, Michael"]
[Black "Zimmermann, Heinz"]
[Result "0-1"]
[WhiteElo "1982"]
[BlackElo "2171"]
[PlyCount "64"]
[EventDate "2013.10.05"]
[EventType "team"]
[EventRounds "11"]
[EventCountry "AUT"]
[WhiteTeam "ASVOE VHS Poechlarn"]
[BlackTeam "Purbach"]

1. e4 c5 2. Nf3 a6 3. c3 Nf6 4. e5 Nd5 5. d4 cxd4 6. Bc4 Nb6 7. Bb3 d5 8. exd6
e6 9. O-O Bxd6 10. Qxd4 O-O 11. Be3 Bc7 12. Qe4 N8d7 13. Rd1 Nf6 14. Qh4 Nfd5
15. Bg5 f6 16. Bc2 h6 17. Bxh6 gxh6 18. Qxh6 Qe7 19. Rd4 f5 20. Ng5 Rf6 21. Qh4
Rg6 22. Nf3 Qg7 23. g3 Bd7 24. Na3 e5 25. Rd2 e4 26. Bb3 exf3 27. Bxd5+ Nxd5
28. Rxd5 Rg4 29. Qh5 Rf8 30. Re1 Qf7 31. Qxf7+ Rxf7 32. Nc4 Rxc4 0-1

[Event "2. Bundesliga Ost 2013/2014"]
[Site "Wien"]
[Date "2013.12.07"]
[Round "5"]
[Board "6"]
[White "Rainprecht, Bernhard"]
[Black "Gattermayer, Robert"]
[Result "1/2-1/2"]
[WhiteElo "2115"]
[BlackElo "2035"]
[PlyCount "66"]
[EventDate "2013.10.05"]
[EventType "team"]
[EventRounds "11"]
[EventCountry "AUT"]
[WhiteTeam "Purbach"]
[BlackTeam "ASVOE VHS Poechlarn"]

1. e4 e5 2. Nc3 d6 3. Bc4 Nf6 4. d3 Nc6 5. f4 Bg4 6. Nge2 Qd7 7. Be3 exf4 8.
Bxf4 O-O-O 9. h3 Bxe2 10. Qxe2 Kb8 11. O-O-O Na5 12. Bb5 c6 13. Ba4 b5 14. Bb3
Nxb3+ 15. axb3 Ka8 16. Rhf1 Be7 17. Qf3 Qb7 18. Ne2 Rd7 19. Nd4 Rc8 20. Nf5 Ne8
21. Be3 Bf6 22. g4 c5 23. c3 c4 24. dxc4 bxc4 25. b4 Be5 26. Rd5 Nf6 27. Ra5
Qxe4 28. Qf2 Rcc7 29. Rd1 Qc6 30. Kc2 Rb7 31. Rda1 Qe4+ 32. Kc1 Qh1+ 33. Kc2
Qe4+ 1/2-1/2

[Event "2. Bundesliga Ost 2013/2014"]
[Site "Wien"]
[Date "2013.12.07"]
[Round "5"]
[Board "1"]
[White "Bernasek, Jan"]
[Black "Beck, Hartmuth"]
[Result "1-0"]
[WhiteElo "2539"]
[BlackElo "2313"]
[PlyCount "65"]
[EventDate "2013.10.05"]
[EventType "team"]
[EventRounds "11"]
[EventCountry "AUT"]
[WhiteTeam "Zwettl"]
[BlackTeam "SG Hietzing/Ottakring"]

1. d4 d5 2. c4 dxc4 3. Nf3 a6 4. a4 Nc6 5. e3 Na5 6. Nbd2 e6 7. Nxc4 Nxc4 8.
Bxc4 Bb4+ 9. Bd2 Qe7 10. O-O Nf6 11. Bxb4 Qxb4 12. Qc2 O-O 13. Bd3 Bd7 14. Ne5
Rfd8 15. Rfc1 Rac8 16. Ra3 Qa5 17. Qb3 b6 18. Qc2 c5 19. Nxd7 Rxd7 20. Qc4 Rdc7
21. Qxa6 Qxa6 22. Bxa6 cxd4 23. Rxc7 Rxc7 24. exd4 Rc1+ 25. Bf1 Kf8 26. g3 Ne4
27. Kg2 Rd1 28. Bd3 Nf6 29. b4 Nd5 30. a5 Nxb4 31. a6 Nc6 32. Rc3 Na7 33. Bf1
 1-0

[Event "2. Bundesliga Ost 2013/2014"]
[Site "Wien"]
[Date "2013.12.07"]
[Round "5"]
[Board "2"]
[White "Penz, Harald"]
[Black "Polak, Thomas"]
[Result "0-1"]
[WhiteElo "2324"]
[BlackElo "2502"]
[PlyCount "120"]
[EventDate "2013.10.05"]
[EventType "team"]
[EventRounds "11"]
[EventCountry "AUT"]
[WhiteTeam "SG Hietzing/Ottakring"]
[BlackTeam "Zwettl"]

1. e4 c5 2. c3 d5 3. exd5 Qxd5 4. d4 g6 5. Be3 cxd4 6. cxd4 Bg7 7. Nc3 Qd8 8.
Nf3 Nf6 9. Rc1 O-O 10. Be2 Be6 11. O-O Nc6 12. Ng5 Bd5 13. Nxd5 Nxd5 14. Qd2 e6
15. Nf3 Qb6 16. Rc5 a6 17. Bc4 Nxe3 18. fxe3 Rad8 19. Rg5 e5 20. Qf2 exd4 21.
exd4 Nxd4 22. Kh1 Qc6 23. b3 b5 24. Ne5 Bxe5 25. Bxf7+ Kg7 26. Rxe5 Nf5 27.
Rxf5 gxf5 28. Qxf5 Qd6 29. Qg5+ Kh8 30. Qc1 Rd7 31. Bh5 Rxf1+ 32. Qxf1 Kg7 33.
h3 Re7 34. a4 Qg3 35. Be2 b4 36. Qd1 a5 37. Qd4+ Qe5 38. Qg4+ Kh6 39. Qh4+ Kg7
40. Qg4+ Kf6 41. Qh4+ Ke6 42. Qc4+ Kf6 43. Qh4+ Qg5 44. Qd4+ Re5 45. Kh2 Kg7
46. Bc4 h5 47. Qf2 Qf6 48. Qd2 h4 49. Qd7+ Re7 50. Qg4+ Kh6 51. Qd1 Qe5+ 52.
Kg1 Qe1+ 53. Qxe1 Rxe1+ 54. Kf2 Rc1 55. Bd5 Rc3 56. Ke2 Kg5 57. Kd2 Kf4 58. Ke2
Ke5 59. Bf7 Kd4 60. Kf2 Rg3 0-1

[Event "2. Bundesliga Ost 2013/2014"]
[Site "Wien"]
[Date "2013.12.07"]
[Round "5"]
[Board "3"]
[White "Schroll, Gerhard"]
[Black "Menezes, Christoph"]
[Result "1-0"]
[WhiteElo "2384"]
[BlackElo "2263"]
[PlyCount "129"]
[EventDate "2013.10.05"]
[EventType "team"]
[EventRounds "11"]
[EventCountry "AUT"]
[WhiteTeam "Zwettl"]
[BlackTeam "SG Hietzing/Ottakring"]

1. d4 Nf6 2. c4 e6 3. Nf3 d5 4. Nc3 Bb4 5. cxd5 exd5 6. Bg5 h6 7. Bxf6 Qxf6 8.
Qb3 c5 9. e3 O-O 10. Be2 Nc6 11. O-O Be6 12. Bb5 Na5 13. Qd1 a6 14. Be2 cxd4
15. Nxd4 Nc6 16. Nxc6 bxc6 17. Rc1 Rfd8 18. Qa4 c5 19. Bf3 a5 20. Rfd1 Rab8 21.
Nxd5 Bxd5 22. Bxd5 Qxb2 23. Rb1 Qe5 24. Bb3 Qc7 25. Bc4 Bc3 26. Rxb8 Qxb8 27.
g3 Rxd1+ 28. Qxd1 Qc7 29. Qd5 Bf6 30. h4 Kf8 31. Kg2 Kg8 32. Qa8+ Bd8 33. Qe4
Qe7 34. Qd5 Kf8 35. f4 Qc7 36. e4 g6 37. h5 g5 38. e5 gxf4 39. gxf4 Qe7 40. Kf3
Bc7 41. Ke4 a4 42. a3 Kg7 43. Kf5 Ba5 44. Qg2+ Kf8 45. Qa8+ Qd8 46. Qc6 Kg7 47.
Qxa4 Qc8+ 48. e6 fxe6+ 49. Bxe6 Qf8+ 50. Ke4 Qd8 51. Qd7+ Qxd7 52. Bxd7 Kf6 53.
Bb5 Be1 54. Bd3 Bd2 55. a4 Ke6 56. Bc4+ Kf6 57. Bd3 Ke6 58. f5+ Kf6 59. Kd5 Be1
60. Kc4 Kg5 61. Kxc5 Bh4 62. Kd5 Kf6 63. a5 Be1 64. a6 Bf2 65. Kc6 1-0

[Event "2. Bundesliga Ost 2013/2014"]
[Site "Wien"]
[Date "2013.12.07"]
[Round "5"]
[Board "4"]
[White "Gstach, Jakob"]
[Black "Blatny, Pavel"]
[Result "0-1"]
[WhiteElo "2209"]
[BlackElo "2414"]
[PlyCount "82"]
[EventDate "2013.10.05"]
[EventType "team"]
[EventRounds "11"]
[EventCountry "AUT"]
[WhiteTeam "SG Hietzing/Ottakring"]
[BlackTeam "Zwettl"]

1. d4 d5 2. c4 e6 3. Nc3 Bb4 4. a3 Bxc3+ 5. bxc3 Nf6 6. e3 b6 7. cxd5 exd5 8.
Bd3 O-O 9. Ne2 Ba6 10. Bxa6 Nxa6 11. Qd3 Qc8 12. O-O c5 13. f3 c4 14. Qb1 Re8
15. Ng3 Qc6 16. Ra2 Nc7 17. a4 Re6 18. Re1 Rae8 19. Rae2 Qxa4 20. e4 Qb5 21.
Bb2 dxe4 22. fxe4 Nh5 23. Nxh5 Qxh5 24. Qa2 Nd5 25. Qxc4 Nf4 26. Rf2 Qg4 27.
Kh1 Rxe4 28. Rxe4 Rxe4 29. h3 Qd7 30. Kh2 Nd5 31. Re2 b5 32. Qd3 Rxe2 33. Qxe2
Qc6 34. Ba3 a5 35. Bc5 Nxc3 36. Qe7 Qc8 37. Qd6 b4 38. d5 b3 39. Ba3 Nb5 40.
Qe7 Nxa3 41. d6 Qf8 0-1

[Event "2. Bundesliga Ost 2013/2014"]
[Site "Wien"]
[Date "2013.12.07"]
[Round "5"]
[Board "5"]
[White "Wagner, Stefan"]
[Black "Schneider-Zinner, Harald"]
[Result "0-1"]
[WhiteElo "2178"]
[BlackElo "2349"]
[PlyCount "44"]
[EventDate "2013.10.05"]
[EventType "team"]
[EventRounds "11"]
[EventCountry "AUT"]
[WhiteTeam "Zwettl"]
[BlackTeam "SG Hietzing/Ottakring"]

1. c4 e6 2. g3 d5 3. Bg2 Nf6 4. Nf3 dxc4 5. Qa4+ Nbd7 6. O-O a6 7. Qxc4 b5 8.
Qc2 Bb7 9. a4 c5 10. axb5 axb5 11. Rxa8 Qxa8 12. Na3 Bc6 13. d3 Be7 14. Bg5 O-O
15. Rc1 h6 16. Bxf6 Nxf6 17. Ne1 Nd5 18. Qb3 Rb8 19. Nb1 Qa1 20. Nc2 Qa8 21.
Nc3 Nxc3 22. Bxc6 Nxe2+ 0-1

[Event "2. Bundesliga Ost 2013/2014"]
[Site "Wien"]
[Date "2013.12.07"]
[Round "5"]
[Board "6"]
[White "Steiner, Adam"]
[Black "Vyskocil, Neklan"]
[Result "0-1"]
[WhiteElo "2255"]
[BlackElo "2376"]
[PlyCount "116"]
[EventDate "2013.10.05"]
[EventType "team"]
[EventRounds "11"]
[EventCountry "AUT"]
[WhiteTeam "SG Hietzing/Ottakring"]
[BlackTeam "Zwettl"]

1. e4 c5 2. Nf3 Nc6 3. d4 cxd4 4. Nxd4 Qb6 5. Nb3 Nf6 6. Nc3 e6 7. Be3 Qc7 8.
f4 Bb4 9. Bd3 d5 10. e5 Ne4 11. Bxe4 dxe4 12. Bd2 e3 13. Bxe3 Bxc3+ 14. bxc3 b6
15. O-O Ba6 16. Rf2 Ne7 17. Bd4 Bb7 18. a4 O-O 19. a5 Nf5 20. Qf1 Bd5 21. Qb5
Rab8 22. axb6 axb6 23. Rb1 Rfd8 24. Nc1 Bc4 25. Qb2 Qc6 26. Nd3 h5 27. Re1 h4
28. Nb4 Qb7 29. Qa1 Rd7 30. Qd1 Rbd8 31. Rd2 h3 32. Qg4 hxg2 33. Qxg2 Bd5 34.
Nxd5 Rxd5 35. c4 Nh4 36. Qe4 Rxd4 37. Qxb7 Rxd2 38. Qe4 R8d4 39. Qe3 Rxc2 40.
Re2 Rd1+ 41. Kf2 Rxc4 42. Rd2 Nf5 43. Rxd1 Nxe3 44. Kxe3 Rc8 45. Rd7 Rb8 46.
Kd4 b5 47. Kc3 b4+ 48. Kb3 g6 49. Rd4 Kg7 50. Rxb4 Rh8 51. Kc3 Rxh2 52. Kd3 Rh4
53. Ke3 g5 54. Rb1 Rxf4 55. Rg1 Kg6 56. Rg2 Kf5 57. Rg3 Re4+ 58. Kd3 Rxe5 0-1

[Event "2. Bundesliga Ost 2013/2014"]
[Site "Wien"]
[Date "2014.01.25"]
[Round "6"]
[Board "1"]
[White "Videki, Sandor"]
[Black "Banusz, Tamas"]
[Result "0-1"]
[WhiteElo "2434"]
[BlackElo "2596"]
[PlyCount "80"]
[EventDate "2013.10.05"]
[EventType "team"]
[EventRounds "11"]
[EventCountry "AUT"]
[WhiteTeam "Spg Data Technology Eichgraben/P."]
[BlackTeam "SG Hietzing/Ottakring"]

1. c4 e6 2. Nc3 d5 3. d4 c6 4. e3 f5 5. Bd3 Bd6 6. Qc2 Nh6 7. Bd2 O-O 8. Nf3
Nd7 9. h3 Kh8 10. O-O-O Qe7 11. Kb1 b6 12. Be1 Bb7 13. Nd2 c5 14. f3 Rac8 15.
Bf2 a6 16. cxd5 exd5 17. g4 b5 18. Rde1 Qd8 19. Qd1 c4 20. Bc2 b4 21. Ne2 c3
22. Nb3 a5 23. Nf4 a4 24. Nc5 Bxc5 25. Ne6 Qb6 26. Nxc5 Nxc5 27. dxc5 Qxc5 28.
Bxa4 Nf7 29. Bg3 Nd6 30. Bxd6 Qxd6 31. Bc2 Ba6 32. b3 Bb5 33. Qd4 Ra8 34. a4
Bxa4 35. bxa4 b3 36. Bxf5 Rxf5 37. gxf5 Qa3 38. Re2 c2+ 39. Rxc2 bxc2+ 40. Kxc2
Rc8+ 0-1

[Event "2. Bundesliga Ost 2013/2014"]
[Site "Wien"]
[Date "2014.01.25"]
[Round "6"]
[Board "2"]
[White "Penz, Harald"]
[Black "Ganaus, Hannes"]
[Result "1/2-1/2"]
[WhiteElo "2324"]
[BlackElo "2302"]
[PlyCount "85"]
[EventDate "2013.10.05"]
[EventType "team"]
[EventRounds "11"]
[EventCountry "AUT"]
[WhiteTeam "SG Hietzing/Ottakring"]
[BlackTeam "Spg Data Technology Eichgraben/P."]

1. e4 c6 2. d4 d5 3. e5 Bf5 4. Nf3 e6 5. c4 Ne7 6. Nc3 h6 7. Be2 dxc4 8. Bxc4
Nd7 9. O-O Nb6 10. Bd3 Bxd3 11. Qxd3 Ned5 12. Ne4 Be7 13. Be3 a5 14. Rac1 Qb8
15. a3 Qa7 16. Qc2 a4 17. Nc5 Bxc5 18. Qxc5 Nc8 19. Qc2 Nce7 20. Nd2 O-O 21.
Nc4 Rad8 22. Qe4 b5 23. Nd2 Qd7 24. Rc5 Nb6 25. Rfc1 Rc8 26. h4 f5 27. exf6
Rxf6 28. Nf3 Nc4 29. R5xc4 bxc4 30. Ne5 Qe8 31. Nxc4 Rd8 32. Ne5 Nd5 33. Rxc6
Rc8 34. Qc2 Rxc6 35. Nxc6 Qh5 36. Qxa4 Qe2 37. Qb3 Nxe3 38. Qxe3 Qxb2 39. Ne5
Qa1+ 40. Kh2 Qa2 41. Kg1 Qb1+ 42. Kh2 Qa2 43. Kg1 1/2-1/2

[Event "2. Bundesliga Ost 2013/2014"]
[Site "Wien"]
[Date "2014.01.25"]
[Round "6"]
[Board "3"]
[White "Rumpl, Erwin"]
[Black "Schneider-Zinner, Harald"]
[Result "1/2-1/2"]
[WhiteElo "2308"]
[BlackElo "2349"]
[PlyCount "120"]
[EventDate "2013.10.05"]
[EventType "team"]
[EventRounds "11"]
[EventCountry "AUT"]
[WhiteTeam "Spg Data Technology Eichgraben/P."]
[BlackTeam "SG Hietzing/Ottakring"]

1. Nf3 d5 2. c4 e6 3. b3 Nf6 4. g3 Be7 5. Bg2 O-O 6. O-O c5 7. e3 Nc6 8. Bb2 b6
9. Qe2 Bb7 10. Rd1 dxc4 11. bxc4 Qc7 12. Nc3 a6 13. d3 Rfd8 14. Ne1 Na5 15. f4
Bxg2 16. Qxg2 Rab8 17. a4 Nc6 18. g4 Rd7 19. Rd2 Rbd8 20. Rad1 Nb4 21. g5 Ne8
22. Ne4 Qb7 23. Nf3 Nxd3 24. Ne5 Nxe5 25. Nf6+ gxf6 26. Qxb7 Rxb7 27. Rxd8 Bxd8
28. Rxd8 Kf8 29. fxe5 fxg5 30. Ba3 Ke7 31. Ra8 a5 32. Kf2 f6 33. Bb2 f5 34. Bc1
h6 35. Ke2 Kf7 36. Rd8 Ng7 37. Kf3 Kg6 38. Bd2 h5 39. h4 gxh4 40. Be1 Kg5 41.
Rd2 h3 42. Kg3 f4+ 43. exf4+ Kf5 44. Kf3 Kg6 45. Kg3 Nf5+ 46. Kxh3 Ne3 47. Rd8
Nxc4 48. Bh4 b5 49. axb5 a4 50. Ra8 a3 51. Ra4 Nd2 52. Rxa3 Rxb5 53. Ra8 c4 54.
Rf8 Ne4 55. f5+ Kg7 56. Rc8 exf5 57. Rc7+ Kg6 58. e6 Rc5 59. e7 Kf7 60. Rd7 Re5
 1/2-1/2

[Event "2. Bundesliga Ost 2013/2014"]
[Site "Wien"]
[Date "2014.01.25"]
[Round "6"]
[Board "4"]
[White "Steiner, Adam"]
[Black "Neumeier, Klaus"]
[Result "1-0"]
[WhiteElo "2255"]
[BlackElo "2296"]
[PlyCount "77"]
[EventDate "2013.10.05"]
[EventType "team"]
[EventRounds "11"]
[EventCountry "AUT"]
[WhiteTeam "SG Hietzing/Ottakring"]
[BlackTeam "Spg Data Technology Eichgraben/P."]

1. e4 c5 2. Nf3 e6 3. Nc3 Nc6 4. Be2 a6 5. O-O b5 6. d4 cxd4 7. Nxd4 Bb7 8. Be3
Qc7 9. Kh1 Nf6 10. a3 Na5 11. Qd3 Rc8 12. f4 Nc4 13. Bc1 e5 14. Nf3 exf4 15. e5
Ng4 16. Bxf4 Bc5 17. e6 d6 18. Ng5 Nge3 19. exf7+ Ke7 20. Bxe3 Nxe3 21. Rf3 Qb6
22. Re1 h6 23. Nge4 Nc4 24. Nd5+ Bxd5 25. Qxd5 Ne5 26. Rg3 g5 27. Bh5 Qc6 28.
Qxc6 Rxc6 29. Rc3 Rhc8 30. Rf1 Bd4 31. Rxc6 Nxc6 32. c3 Bg7 33. Ng3 Kf8 34. Nf5
Rd8 35. Bf3 Ne5 36. Bd5 Ng6 37. Nd4 Bxd4 38. cxd4 Nf4 39. Bb7 1-0

[Event "2. Bundesliga Ost 2013/2014"]
[Site "Wien"]
[Date "2014.01.25"]
[Round "6"]
[Board "5"]
[White "Weissenbeck, Manuel"]
[Black "Janetschek, Karl"]
[Result "1/2-1/2"]
[WhiteElo "2249"]
[BlackElo "2238"]
[PlyCount "85"]
[EventDate "2013.10.05"]
[EventType "team"]
[EventRounds "11"]
[EventCountry "AUT"]
[WhiteTeam "Spg Data Technology Eichgraben/P."]
[BlackTeam "SG Hietzing/Ottakring"]

1. d4 d5 2. c4 c6 3. Nf3 Nf6 4. e3 e6 5. Nc3 Nbd7 6. b3 Bd6 7. Bb2 O-O 8. Bd3
Re8 9. Qc2 dxc4 10. bxc4 e5 11. O-O exd4 12. exd4 Nf8 13. Ne4 Nxe4 14. Bxe4 Bg4
15. Ne5 Bh5 16. Rfe1 f6 17. Nd3 Bf7 18. Re3 Qc7 19. g3 Qa5 20. c5 Bc7 21. Bc3
Qa3 22. Nb4 Rxe4 23. Qxe4 Bg6 24. Qf3 Ba5 25. Nxc6 bxc6 26. Qxc6 Bxc3 27. Qxa8
Qb2 28. Rf1 Bxd4 29. Re7 Qxa2 30. Rxa7 Qc4 31. Qb7 Bf7 32. c6 Bxa7 33. c7 Bd5
34. Qxa7 g5 35. Qb6 g4 36. Qxf6 Qe4 37. f3 Qe3+ 38. Kh1 gxf3 39. Qxf8+ Kxf8 40.
c8=Q+ Ke7 41. Qc7+ Ke6 42. Qc8+ Ke7 43. Qc7+ 1/2-1/2